000 00156nam a22000857a 4500
082 _a823
100 _aROMA GANS
245 _aBIRDS EAT & EAT & EAT
942 _cBK
999 _c8138
_d8138